| Tag |
First Indicator |
Second Indicator |
Subfields |
| LEADER |
00000cam a2200000 a 4500 |
| 001 |
in00000871925 |
| 005 |
20151019122721.0 |
| 008 |
890214s1988 dcuab b f00100 eng d |
| 010 |
|
|
|a gp 89008471
|
| 035 |
|
|
|a (OCoLC)19213101
|
| 035 |
|
|
|9 AEJ3625AM
|
| 040 |
|
|
|a GPO
|c GPO
|d UtOrBLW
|
| 043 |
|
|
|a n-us-sd
|
| 074 |
|
|
|a 102-B-41
|
| 086 |
0 |
|
|a A 57.38:H 21/6
|
| 100 |
1 |
|
|a Johnson, Warren F.
|
| 245 |
1 |
0 |
|a Soil survey of Harding County, South Dakota /
|c United States Department of Agriculture, Soil Conservation Service ; in cooperation with United States Department of Agriculture, Forest Service, and South Dakota Agricultural Experiment Station.
|
| 264 |
|
1 |
|a [Washington, D.C.?] :
|b The Service,
|c [1988]
|
| 300 |
|
|
|a ix, 300 pages, 2 unnumbered pages, 155 folded pages of plates :
|b illustrations, maps (some color) ;
|c 28 cm.
|
| 336 |
|
|
|a text
|b txt
|2 rdacontent
|
| 337 |
|
|
|a unmediated
|b n
|2 rdamedia
|
| 338 |
|
|
|a volume
|b nc
|2 rdacarrier
|
| 500 |
|
|
|a Cover title.
|
| 500 |
|
|
|a Shipping list number: 86-89-P.
|
| 500 |
|
|
|a "Issued December 1988"--P. iii.
|
| 504 |
|
|
|a Bibliography: page 135.
|
| 500 |
|
|
|a Includes index to map units.
|
| 650 |
|
0 |
|a Soils
|z South Dakota
|z Harding County
|x Maps.
|
| 710 |
1 |
|
|a United States.
|b Soil Conservation Service.
|
| 710 |
1 |
|
|a United States.
|b Forest Service.
|
| 710 |
2 |
|
|a South Dakota Agricultural Experiment Station.
|
| 999 |
|
|
|a MARS
|
| 999 |
f |
f |
|s 83626753-56a4-3e74-9725-64f7fc097c2b
|i 72452932-d204-3034-9b88-8aeabb387c0c
|t 0
|
| 952 |
f |
f |
|p normal
|a Texas A&M University
|b College Station
|c Sterling C. Evans Library
|d Evans: Maps (2nd floor)
|t 0
|e A 57.38:H 21/6
|h Superintendent of Documents classification
|i unmediated -- volume
|m A14812521522
|
| 998 |
f |
f |
|a A 57.38:H 21/6
|t 0
|l Evans: Maps (2nd floor)
|